000 00491nam a2200193 a 4500
001 1760698994915
003 ACL
005 20251017163641.0
008 251017s1993##################000#0#eng##
020 _a9781556238581
082 0 4 _a658.452
_bFIS
100 1 _aFisher, Judith E.,
_eauthor.
245 1 0 _aTelephone Skills At Work :
260 _bMcGraw-Hill Education,
_c1993.
300 _a108 pages
650 0 _aBusiness & Economics.
942 _cENGLISH
040 _aACL
_beng
_cACL
999 _c592126
_d592126